00584nam a2200205 a 4500001001300000003000900013005001700022008004100039020002300080082001800103100001700121245006500138260004400203300000900247500003500256505001100291650003300302650002600335700001700361nice12345678IN_TiNIC20260116013652.0050524s1983 lona grp 000 0 eng  a0192375 c11500a306.0954bNAN aNandy, Ashis aUltimate Enemyb Loss and Recovery of Self Under Colonialism aLondan bOxford University Press c1983 a281p aincludes index and biblioraphy2 aPlates aCulture-India-British Period aBritish-India Society1 aNandy, Ashis